Matematyka działania - Statystyki

Ogólne statystyki
  • Ten quiz został rozwiązany 212 razy
    200 od ostatniego zresetowania
  • Średni wynik to 13 z 20
Statystyki odpowiedzi
Działanie Wynik % Poprawnych
2*3*5= 30
97%
11^2= 121
77%
22+33+44+55= 154
77%
32*6= 192
77%
999999/3= 333333
77%
15*7= 105
75%
90-80-70-60-50= -170
72%
5*9+444= 489
72%
86*3= 258
70%
8134+234= 8368
70%
9999-4444+3= 5558
66%
246+936= 1182
60%
555+666= 1221
60%
21*12= 252
57%
3245+3232= 6477
56%
22*44= 968
52%
100+400+700+1000+1200+1500+2000+5000+8000+10000= 29900
48%
20+3234*2= 6488
48%
125467+7346= 132813
37%
121212+2121211= 2242423
25%
Nie znaleziono quizów pasujących do podanych kryteriów
Rozkład punktacji
Procent ludzi z każdym wynikiem
Percentyl według liczby udzielonych odpowiedzi
Twoja historia wyników
Nie rozwiązałeś tego quizu od ostatniego zresetowania